000 00208 a2200097 4500
001 4356
100 _aMerill,G
245 _aOperation research armament launching
260 _a
_bVan
_c
090 _c3554
_d3554
942 _aNUST-CAE
_cM
_c28380
999 _c239429
_d239429